বিজ্ঞান ত্রয়ী : (Record no. 13100)
[ view plain ]
| 000 -LEADER | |
|---|---|
| fixed length control field | 00842nam a2200229 a 4500 |
| 001 - CONTROL NUMBER | |
| JCCL Control Number | 13100 |
| 003 - CONTROL NUMBER IDENTIFIER | |
| JCCL marc code | BD-JhCC |
| 005 - DATE AND TIME OF LATEST TRANSACTION | |
| control field | 20230710103932.0 |
| 008 - FIXED-LENGTH DATA ELEMENTS--GENERAL INFORMATION | |
| fixed length control field | 230622s2022 bg a|||| |||| 000 0 ben d |
| 020 ## - INTERNATIONAL STANDARD BOOK NUMBER | |
| International Standard Book Number | 9789849555865 |
| 035 ## - SYSTEM CONTROL NUMBER | |
| system control number | (BD-JhCC)13100 |
| 040 ## - CATALOGING SOURCE | |
| Original cataloging agency | BD-JhCC |
| Modifying agency | BD-JhCC |
| 041 ## - LANGUAGE CODE | |
| Language code of Book | ben |
| 082 ## - DEWEY DECIMAL CLASSIFICATION NUMBER | |
| Classification number | 500 |
| Author mark and Year | ALM 2022 |
| 100 ## - MAIN ENTRY--PERSONAL NAME | |
| Personal name | আল-মুতী, আবদুল্লাহ |
| 245 ## - TITLE STATEMENT | |
| Title | বিজ্ঞান ত্রয়ী : |
| Remainder of title | আবিষ্কারের নেশায়, সাগরের রহস্যপুরী, আকাশ অনেক বড় / |
| Statement of responsibility, etc | আবদুল্লাহ আল-মুতী. |
| 260 ## - PUBLICATION, DISTRIBUTION, ETC. (IMPRINT) | |
| Place of publication, distribution, etc | ঢাকা : |
| Name of publisher, distributor, etc | অনুপম প্রকাশনী, |
| Date of publication, distribution, etc | ২০২২. |
| 300 ## - PHYSICAL DESCRIPTION | |
| Pagination | ২০৭ পৃ. : |
| Other physical details | ill. |
| Dimensions | 21 cm. |
| 650 ## - SUBJECT ADDED ENTRY--TOPICAL TERM | |
| Topical term or geographic name as entry element | Science |
| 942 ## - ADDED ENTRY ELEMENTS (KOHA) | |
| Source of classification or shelving scheme | Dewey Decimal Classification |
| Koha item type | Books |
| Source of classification or shelving scheme | Damaged status | Not for loan | Home library | Current library | Shelving location | Date of accession | Cost, normal purchase price | Total Checkouts | Full call number | Barcode | Date last seen | Copy number | Method of acquisition | Koha item type | Currency |
|---|---|---|---|---|---|---|---|---|---|---|---|---|---|---|---|
| Dewey Decimal Classification | JCC Rouf Library | JCC Rouf Library | General Stacks | 06/23/2023 | 288.00 | 500 ALM 2022 | 17738 | 07/10/2023 | C-1 | Purchase | Books | BDT |